Buying local? who, what, why? /

The National Rural Development Programme for the period 2014-2020 through its priorities and interest domains refers to local products and short supply chains in order to increase the competitiveness of local primary producers and the added value of agro-alimentary and non-alimentary products, and t...

Teljes leírás

Elmentve itt :
Bibliográfiai részletek
Szerző: Dumitrescu Carmen Simona
Dokumentumtípus: Cikk
Megjelent: University of Szeged, Faculty of Agriculture Szeged 2017
Sorozat:Review on agriculture and rural development 6 No. 1-2
Kulcsszavak:Gazdasági élet - Románia - regionális, Temesvár, Gazdaságpolitika - Románia - regionális, Helyi élelmiszerek, Fogyasztói magatartás
Tárgyszavak:
Online Access:http://acta.bibl.u-szeged.hu/56812
LEADER 02042nab a2200217 i 4500
001 acta56812
005 20240410134333.0
008 190128s2017 hu o 0|| eng d
022 |a 2063-4803 
040 |a SZTE Egyetemi Kiadványok Repozitórium  |b hun 
041 |a eng 
100 1 |a Dumitrescu Carmen Simona 
245 1 0 |a Buying local?   |h [elektronikus dokumentum] :  |b who, what, why? /  |c  Dumitrescu Carmen Simona 
260 |a University of Szeged, Faculty of Agriculture  |b Szeged  |c 2017 
300 |a 125-129 
490 0 |a Review on agriculture and rural development  |v 6 No. 1-2 
520 3 |a The National Rural Development Programme for the period 2014-2020 through its priorities and interest domains refers to local products and short supply chains in order to increase the competitiveness of local primary producers and the added value of agro-alimentary and non-alimentary products, and to promote on local markets through short supply chains, producers groups and organizations. Local food can have many benefits for the actors involved in the short supply chain, more precisely producers, middlemen and consumers, but also for the local economy in its all. The local market from Timisoara is provided by many local producers from rural area that are producing and selling a varied number of alimentary and non-alimentary products. The case study is oriented towards the brief analysis of alimentary local products’ consumers and its aim is to realise a profile of local food consumer through underlining the aspects regarding the reasons why they are buying such products, the place from where they buy, but also aspects regarding the implications and benefits the consume can have. 
650 4 |a Társadalomtudományok 
650 4 |a Közgazdasági és gazdálkodástudományok 
695 |a Gazdasági élet - Románia - regionális, Temesvár, Gazdaságpolitika - Románia - regionális, Helyi élelmiszerek, Fogyasztói magatartás 
856 4 0 |u http://acta.bibl.u-szeged.hu/56812/1/agricul_review_2017_001_002_125-129.pdf  |z Dokumentum-elérés